00511nam a2200121Ia 4500003000900000008004100009040001600050110006500066245013500131260006800266300001400334650004100348IN-BaIIA211028s9999 xx 000 0 eng d cIIA Library aUnited States Energy Research and Development Administration 0aCAMAC Tutorial Articles (Computer Automated Measurement and Control)cEnergy Research and Development Administration  aWashingtonbNational Aeronautics and Space Administrationc1976 aiii, 98p. aAstronomy and Astrophysics Thesaurus